000
00220 a2200097 4500
001
19302
100
_a
Dalen, D B V
245
_a
Understanding educational research
260
_a
_b
MC Graw Hill
_c
090
_c
14177
_d
14177
942
_a
NUST-CAE
_c
M
_c
4644
999
_c
254375
_d
254375